| 000 | 00850nam a2200217 4500 | ||
|---|---|---|---|
| 001 | 174953 | ||
| 003 | ES-MaACL | ||
| 005 | 20250824062747.0 | ||
| 008 | 100727s1997 sp d |||| | spa d | ||
| 080 | _a946.12 Gijón"1936" | ||
| 100 | 1 |
_aAlonso García, Pedro Luis. _9143264 |
|
| 245 | 1 | 4 |
_aLos comienzos de la guerra en Gijón _b: de las "sacas" de prisioneros al Tribunal Popular / _cPedro Luis Alonso García. |
| 260 |
_aGijón : _bAteneo Obrero, _c1997. |
||
| 300 |
_a42 p. ; _c26 cm. |
||
| 490 | 1 |
_aFolletos del Ateneo. _aCuadernos de historia ; _v14 |
|
| 651 | 4 |
_aAsturias (Comunidad Autónoma)- _xHistoria- _y1936-1939. _9143265 |
|
| 710 | 2 |
_aAteneo Obrero de Gijón. _92052 |
|
| 830 | 0 | 0 |
_aFolletos del Ateneo. _pCuadernos de historia (Ateneo Obrero de Gijón) _v14 _9223818 |
| 852 |
_aES-MaACL _j2281-F-9 |
||
| 999 |
_c174953 _d174953 |
||